000 00387nam a2200157Ia 4500
003 OSt
005 20230601103319.0
008 211028s2013 xx 000 0 und d
040 _cAIMIT LIBRARY
041 _aeng
100 _aJoseph, Metty M; Santhosh, B.
_98432
_e111914
110 _aSanthosh B
_98433
245 _aLeafySeadragon.
260 _aMangalore
_c2013
942 _2ddc
_cPRO
999 _c219885
_d219885